000 00466nam a2200133Ia 4500
008 100328s9999 xx 000 0 und d
082 _b69180
100 _aकाकोडकर चंद्रकांत.
245 _aचंद्र होता साक्षीला.
260 _bसुकृत.
630 _aचंद्र होता साक्षीला.
730 _aचंद्र होता साक्षीला.
942 _cBOOK
999 _c554913
_d554910